000 00769nam a2200265Ia 4500
003 OSt
005 20221005050410.0
006 a|||||r|||| 00| 0
007 ta
008 221004b |||||||| |||| 00| 0 eng d
020 _a9788192013404 (hbk)
024 _a117817
037 _cTextual
040 _aCRL
_cCRL
_beng
041 _2eng
_aeng
082 _aO111,2J64:g, Q0
100 _aAnand Prakash
_9402450
245 0 _aCritic Shakespeare
_b Essays in appreciation
260 _aKuruksetra
_bThe Shakespeare Association India
_c2010
300 _a206p.
_ccm.
650 _aENGLISH LITERATURE
700 _a Dahiya S. P. S.
_9594715
942 _hO111,2J64:g, Q0
_cTEXL
_2cc
999 _c957000
_d957000